| 000 | 01133nam a22003377a 4500 | ||
|---|---|---|---|
| 003 | CHAP | ||
| 005 | 20220329141251.0 | ||
| 008 | 971010s1944 r 00010 d | ||
| 010 | _a65438 | ||
| 011 | _a66410 | ||
| 035 | _a74521 | ||
| 040 | _cCHAP | ||
| 090 | _aTesis | ||
| 100 | 0 | 0 |
_aRodríguez Elías, José Isabel. _998463 |
| 245 | _aApreciaciones sobe el cultivo e industrialización del lino en Sta. Matilde, Qro. | ||
| 260 |
_aChapingo, Méx. : _bEl autor, _c(1944) |
||
| 300 | _a67 p. | ||
| 502 | _aTesis (Ing. Agr. Esp. en Industrias Agrícolas) -- ENA. Departamento de Industrias Agrícolas | ||
| 590 |
_aALEPH _b10 _c20130110 _lUCH01 _h1356 |
||
| 590 |
_aBATCH-UPD _b10 _c20130110 _lUCH01 _h0818 |
||
| 590 |
_aBATCH-UPD _b10 _c20130410 _lUCH01 _h0455 |
||
| 590 |
_aBATCH-UPD _b10 _c20130914 _lUCH01 _h1726 |
||
| 590 |
_aCONVERSION _b10 _c20130109 _lUCH01 _h1336 |
||
| 650 | 1 | 4 |
_aLino. _966998 |
| 901 | _aBK | ||
| 942 | _cFOLL | ||
| 949 |
_bBC _cTES _d-154198 _eTS1 _i74521 _si |
||
| 949 |
_bBC _cTES _d-154199 _eTS2 _fc.2 _i74521 _si |
||
| 949 |
_bBC _cTES _d-154200 _eTS2 _fc.3 _i74521 _si |
||
| 949 |
_bIA _cTES _d-7391 _eTS1 _i74521 _si |
||
| 999 |
_c65438 _d65438 |
||